000 00324nam a2200133 i 4500
001 bg
100 1 _aŁAPIŃSKI, Marian
245 0 _aĆwiczenia z miernictwa elektrycznego /
_cMarian Łapiński.
260 _aWarszawa,
_c1970.
040 _cBPK
041 _apol
942 _cKS
008 s pl f |000 0 pol
999 _c7529
_d7529
856 _uhttp://koha.tu.koszalin.pl/cgi-bin/koha/opac-detail.pl?biblionumber=7529
_yKatalog online BPK